000 00197 a2200097 4500
020 _a7509994309111
041 _aspa
100 _aFernandez Editores
245 _aEl tesoro de Moctezuma
942 _cK
999 _c28850
_d28850